Statistiche per Completa il Proverbio - Quiz n°11

Clicka qui per fare il quiz!

Statistiche generali

  • Questo quiz è stato fatto 48 volte
  • Il punteggio medio è 13 su 15

Statistiche sulle risposte

ProverbioParola mancante% Corretto
Tutti i ___ vengono al pettineNodi
100%
Chi ____ acconsenteTace
100%
Tutto è bene quel che _____ beneFinisce
98%
La speranza è l'ultima a _____Morire
98%
Non c'è rosa senza ____Spine
98%
La notte porta ________Consiglio
96%
Le bugie hanno le _____ corteGambe
96%
Chi trova un amico trova un _____Tesoro
96%
Sposa bagnata sposa ________Fortunata
93%
Non dire gatto se non ce l'hai nel _____Sacco
93%
Chi tardi arriva male _______Alloggia
89%
Chi si fa i ___ suoi campa cent'anniFatti
84%
Chi troppo vuole nulla ______Stringe
78%
La via dell'inferno è lastricata di buone _________Intenzioni
60%
La virtù sta nel _____Mezzo
36%

Distribuzione punteggi

Percentile per numero di risposta

Percentuale di utenti per punteggio

I tuoi punteggi nel tempo

Non hai fatto questo quiz